| 000 | 01469cam a2200241 4500 | ||
|---|---|---|---|
| 001 | ABS63500 | ||
| 008 | 000000n2000 000 0 eng u | ||
| 035 | _a(Sirsi) u110411 | ||
| 100 | _aSantry, C. | ||
| 245 | _aLandfill: Keeping it clean | ||
| 260 | _c2000 | ||
| 490 |
_aMining Quarrying and Recycling _v29(10) December 2000, 20-23 |
||
| 520 | _aDiscusses the European Landfill Directive, which must be phased in by 2009. The directive will require the classification of landfill sites as hazardous, non-hazardous or inert waste by 2004 and that waste must also be treated to reduce its volume and/or hazardous nature or to enable it to be recycled. Concerns have been expressed about the Environment Agency's ability to manage the introduction of the scheme; that hazardous waste producers will find it both difficult and expensive to dispose of their waste, possibly leading to an increase in illegal dumping; and the cost of the scheme to the industry. The impact of the Landfill Tax Regulations and the Landfill Tax Credit Scheme are also considered, as is the need for additional research into recycling of waste. | ||
| 590 | _aABS | ||
| 650 | _aDIRECTIVE 99/31/EC | ||
| 650 | _aHAZARDOUS WASTE | ||
| 650 | _aLANDFILL TAX REGULATIONS 1996 | ||
| 650 | _aLANDFILL TAX (AMENDMENT) REGULATIONS 1999 | ||
| 650 | _aLANDFILL TAX CREDIT SCHEME | ||
| 650 | _aWASTE RECYCLING | ||
| 690 | _aENVIRONMENTAL AND LAND CONSULTANCY-WASTE MANAGEMENT | ||
| 942 | _n0 | ||
| 999 |
_c65824 _d65824 |
||